[Event "HEM 2015 B Turnier"]
[Site "Frankfurt-Sossenheim"]
[Date "2015.??.??"]
[Round "2.1"]
[White "Genis, Roy"]
[Black "Niedenthal, Robert"]
[Result "1/2-1/2"]
[WhiteElo "1952"]
[BlackElo "1781"]
[PlyCount "68"]
[EventDate "2015.??.??"]
[WhiteTeam "vereinslos, Rodgau"]
[BlackTeam "SV Hofheim"]

1. e4 d5 2. exd5 Nf6 3. Bb5+ Bd7 4. Bc4 Bg4 5. f3 Bc8 6. Nc3 Nbd7 7. d4 Nb6 8.
Bb3 a5 9. a3 a4 10. Ba2 g6 11. Bf4 Bd7 12. Nge2 Bg7 13. O-O O-O 14. Be5 Be8 15.
Bxf6 Bxf6 16. Ne4 Bg7 17. c4 c6 18. dxc6 Bxc6 19. d5 Be8 20. Rb1 Nd7 21. b4
axb3 22. Qxb3 b6 23. f4 Nc5 24. Nxc5 bxc5 25. Qe3 Qa5 26. Rf3 Ra7 27. Qc1 Bd7
28. h3 Rfa8 29. Rfb3 Qc7 30. Nc3 Bd4+ 31. Kh1 Qa5 32. Nb5 Bxb5 33. cxb5 Qb6 34.
Rf3 Kg7 1/2-1/2

[Event "HEM 2015 B Turnier"]
[Site "Frankfurt-Sossenheim"]
[Date "2015.??.??"]
[Round "2.2"]
[White "Henninger, Sascha"]
[Black "Krastev, Alexander"]
[Result "1-0"]
[WhiteElo "1777"]
[BlackElo "1940"]
[PlyCount "43"]
[EventDate "2015.??.??"]
[WhiteTeam "SC Sulzbach"]
[BlackTeam "Biebertaler SF"]

1. e4 c5 2. Nf3 Nc6 3. d4 cxd4 4. Nxd4 Nf6 5. Nc3 g6 6. Be3 Bg7 7. Be2 O-O 8.
O-O d6 9. Nb3 Be6 10. f4 Qd7 11. Nd4 Ng4 12. Nxe6 Nxe3 13. Nxf8 Rxf8 14. Qd2
Nxf1 15. Rxf1 Nd4 16. Bd3 Rc8 17. f5 b5 18. Nd5 Qb7 19. f6 Bxf6 20. Rxf6 exf6
21. Qh6 Nf5 22. Nxf6+ 1-0

[Event "HEM 2015 B Turnier"]
[Site "Frankfurt-Sossenheim"]
[Date "2015.??.??"]
[Round "2.3"]
[White "Werle, Joshua"]
[Black "Froehlich-Dill, Astrid"]
[Result "1-0"]
[WhiteElo "1776"]
[BlackElo "1925"]
[PlyCount "85"]
[EventDate "2015.??.??"]
[WhiteTeam "Frankfurter TV"]
[BlackTeam "SV Hofheim"]

1. d4 Nf6 2. c4 e6 3. Nc3 b6 4. e4 Bb4 5. e5 Ne4 6. Qg4 Nxc3 7. a3 Bf8 8. Bg5
Be7 9. Bxe7 Kxe7 10. Qg5+ Ke8 11. Qxg7 Rf8 12. bxc3 Qh4 13. Bd3 Bb7 14. Nf3 Qh5
15. Ng5 Qg4 16. Rg1 h6 17. Qxh6 Rg8 18. Nh7 Ke7 19. h3 Qg7 20. Qh4+ Ke8 21.
Nf6+ Kf8 22. Nxg8 Qxg8 23. Qd8+ Kg7 24. Qxg8+ Kxg8 25. Kd2 d6 26. exd6 cxd6 27.
Ke3 Nd7 28. Be4 Bxe4 29. Kxe4 Kg7 30. a4 a5 31. Rab1 Rh8 32. Rh1 f5+ 33. Kd3
Kf6 34. g4 Rh4 35. gxf5 Kxf5 36. Rhg1 Rxh3+ 37. Rg3 Rxg3+ 38. fxg3 e5 39. Rf1+
Kg6 40. Ke4 Nf6+ 41. Rxf6+ Kxf6 42. dxe5+ dxe5 43. g4 1-0

[Event "HEM 2015 B Turnier"]
[Site "Frankfurt-Sossenheim"]
[Date "2015.??.??"]
[Round "2.4"]
[White "Lukas, Anne"]
[Black "Juhnke, Peter"]
[Result "0-1"]
[WhiteElo "1772"]
[BlackElo "1900"]
[PlyCount "82"]
[EventDate "2015.??.??"]
[WhiteTeam "SK Gernsheim"]
[BlackTeam "SC Eschborn"]

1. d4 d5 2. c4 e6 3. Nf3 Nf6 4. Bg5 Nbd7 5. cxd5 exd5 6. Nc3 c6 7. a3 h6 8. Bh4
Qc7 9. e3 Bd6 10. Qc2 g5 11. Bg3 Nb6 12. Be2 Be6 13. Be5 Bxe5 14. Nxe5 Nbd7 15.
Nd3 Bf5 16. b4 Rc8 17. Rc1 a6 18. Qb3 Qb8 19. a4 O-O 20. Nc5 Rfe8 21. O-O Kg7
22. Nxd7 Nxd7 23. b5 Qd6 24. bxc6 Rxc6 25. Qxd5 Qg6 26. a5 Be6 27. Qf3 Rec8 28.
e4 g4 29. Qe3 Bb3 30. Bd3 Rxc3 31. Rxc3 Rxc3 32. Qd2 Qc6 33. e5 Bd5 34. Bf5 Nf8
35. Qf4 Ng6 36. Qd2 Bxg2 37. Re1 Nh4 38. Bxg4 Bh3 39. d5 Bxg4 40. Kh1 Bf3+ 41.
Kg1 Qg6+ 0-1

[Event "HEM 2015 B Turnier"]
[Site "Frankfurt-Sossenheim"]
[Date "2015.??.??"]
[Round "2.5"]
[White "Wachsmann, Dietmar"]
[Black "Grzeschniok, Anton"]
[Result "1/2-1/2"]
[WhiteElo "1743"]
[BlackElo "1895"]
[PlyCount "59"]
[EventDate "2015.??.??"]
[WhiteTeam "SC Groß-Umstadt"]
[BlackTeam "SC Eschborn"]

1. e4 e5 2. Nf3 Nf6 3. d3 Nc6 4. Be2 Bc5 5. O-O d6 6. c3 Bg4 7. b4 Bb6 8. Bb2
O-O 9. Nbd2 Re8 10. h3 Bh5 11. Nc4 Ne7 12. Qc2 c6 13. Nxb6 axb6 14. Rfe1 Qc7
15. a3 Rad8 16. Rad1 Nc8 17. Nh4 Bxe2 18. Rxe2 Ne7 19. Qc1 d5 20. exd5 Nexd5
21. g3 Ne7 22. Qg5 h6 23. Qxe5 Qc8 24. Qf4 Qxh3 25. c4 Qg4 26. Qxg4 Nxg4 27. f3
Nf6 28. Bxf6 gxf6 29. Rde1 Kf8 30. Rd1 1/2-1/2

[Event "HEM 2015 B Turnier"]
[Site "Frankfurt-Sossenheim"]
[Date "2015.??.??"]
[Round "2.6"]
[White "Launert, Martin"]
[Black "Goebel, Knut"]
[Result "1-0"]
[WhiteElo "1871"]
[BlackElo "1728"]
[PlyCount "137"]
[EventDate "2015.??.??"]
[WhiteTeam "Sfr. Erbach"]
[BlackTeam "SC Ober-Ramstadt"]

1. e4 c6 2. d4 d5 3. Nc3 dxe4 4. Nxe4 Bf5 5. Ng3 Bg6 6. Nf3 Nd7 7. Bd3 Bxd3 8.
Qxd3 e6 9. Bf4 Qa5+ 10. Bd2 Bb4 11. O-O Bxd2 12. Nxd2 Ngf6 13. Nc4 Qc7 14. Qa3
c5 15. dxc5 O-O 16. Ne3 Qxc5 17. c4 Qxa3 18. bxa3 Nc5 19. Rfd1 Rfd8 20. Kf1 Kf8
21. Ne2 Ke7 22. f3 Rd7 23. Rxd7+ Nfxd7 24. Nd4 Ne5 25. f4 Ned3 26. g3 Rd8 27.
Nb3 b6 28. Ke2 Ne4 29. Nd5+ exd5 30. Kxd3 dxc4+ 31. Kxe4 cxb3 32. axb3 h5 33.
Ra2 g6 34. Rc2 Rd7 35. Rc6 Rd2 36. Rc7+ Ke6 37. Rxa7 Rxh2 38. Ra6 Rh3 39. Rxb6+
Ke7 40. Ke5 Rxg3 41. Rb7+ Kf8 42. Kf6 Ke8 43. a4 Rg2 44. Rxf7 h4 45. Rh7 Rh2
46. Kxg6 h3 47. Kf6 Rh1 48. f5 h2 49. a5 Ra1 50. Rxh2 Rxa5 51. b4 Rb5 52. Rb2
Rb6+ 53. Ke5 Rb5+ 54. Ke6 Kf8 55. Kd7 Rxf5 56. b5 Rf7+ 57. Kc8 Ke7 58. b6 Kd6
59. Rc2 Rf8+ 60. Kb7 Rf3 61. Rd2+ Kc5 62. Rc2+ Kb5 63. Rb2+ Kc5 64. Kb8 Kc6 65.
b7 Rh3 66. Rg2 Rh1 67. Rg6+ Kd7 68. Ka7 Ra1+ 69. Ra6 1-0

[Event "HEM 2015 B Turnier"]
[Site "Frankfurt-Sossenheim"]
[Date "2015.??.??"]
[Round "2.7"]
[White "Saluvar, Buelent"]
[Black "Weber, Andreas"]
[Result "1/2-1/2"]
[WhiteElo "1718"]
[BlackElo "1869"]
[PlyCount "46"]
[EventDate "2015.??.??"]
[WhiteTeam "SC Münster"]
[BlackTeam "SC Flörsheim"]

1. d4 d5 2. c4 e6 3. Nf3 c5 4. cxd5 exd5 5. g3 Nc6 6. Bg2 Nf6 7. O-O Be7 8.
dxc5 Bxc5 9. a3 O-O 10. b4 Bb6 11. Bb2 Re8 12. Nbd2 Bg4 13. Nb3 Ne4 14. e3 Nxf2
15. Rxf2 Bxe3 16. Qd3 Qb6 17. Nc5 Bxf2+ 18. Kxf2 Rad8 19. Ng5 g6 20. Nxf7 Rf8
21. Bxd5 Rxd5 22. Qxd5 Rxf7+ 23. Kg1 Qd8 1/2-1/2

[Event "HEM 2015 B Turnier"]
[Site "Frankfurt-Sossenheim"]
[Date "2015.??.??"]
[Round "2.8"]
[White "Warnk, Torsten"]
[Black "Will, Steffen"]
[Result "0-1"]
[WhiteElo "1845"]
[BlackElo "1705"]
[PlyCount "70"]
[EventDate "2015.??.??"]
[WhiteTeam "Sges Bensheim"]
[BlackTeam "SC Bad Nauheim"]

1. d4 Nf6 2. Nf3 d5 3. Bf4 c6 4. e3 e6 5. c4 Ne4 6. Nc3 Bb4 7. Qb3 Qa5 8. Rc1
Nxc3 9. bxc3 Be7 10. cxd5 exd5 11. Bd3 Nd7 12. O-O Nf6 13. c4 O-O 14. Be5 Qb6
15. Qc2 h6 16. Rb1 Qd8 17. Rfc1 Bd6 18. cxd5 Nxd5 19. Bc4 Nf6 20. Qb3 Qe7 21.
Rd1 Rb8 22. Bxd6 Qxd6 23. Ne5 Be6 24. Bxe6 fxe6 25. Qb4 Qxb4 26. Rxb4 Rfd8 27.
Rdb1 Nd7 28. Nc4 b6 29. f4 c5 30. dxc5 Nxc5 31. Ne5 Rd2 32. R4b2 Rbd8 33. Nc6
Rxb2 34. Rxb2 Rd1+ 35. Kf2 Nd3+ 0-1

[Event "HEM 2015 B Turnier"]
[Site "Frankfurt-Sossenheim"]
[Date "2015.??.??"]
[Round "2.9"]
[White "Martens, Nick"]
[Black "Zalewski, Ulrich"]
[Result "0-1"]
[WhiteElo "1697"]
[BlackElo "1838"]
[PlyCount "140"]
[EventDate "2015.??.??"]
[WhiteTeam "SF Battenberg"]
[BlackTeam "SK Gießen"]

1. f4 d5 2. Nf3 Nf6 3. e3 e6 4. b3 Be7 5. Bb2 O-O 6. Nc3 c5 7. Ne2 Nc6 8. Ng3
Bd7 9. a3 a6 10. Be2 b5 11. O-O Qb6 12. Ne5 Rad8 13. Ng4 Nxg4 14. Bxg4 f5 15.
Be2 Bf6 16. Qc1 g6 17. Bxf6 Rxf6 18. Qb2 Rf7 19. Kh1 d4 20. Bf3 Be8 21. e4 Qc7
22. e5 Ne7 23. d3 Bc6 24. Rae1 h6 25. h4 Rh7 26. h5 g5 27. fxg5 hxg5 28. Qc1 f4
29. Ne4 Bxe4 30. Rxe4 Nf5 31. Rfe1 Ng3+ 32. Kg1 Qf7 33. Qd1 Kg7 34. Kf2 Rdh8
35. Rg1 Nxe4+ 36. dxe4 Qc7 37. Qd2 Qxe5 38. Qa5 Qd6 39. Rd1 e5 40. Ke2 Rh6 41.
Qd2 Qe6 42. g4 Ra8 43. Rb1 a5 44. Rg1 c4 45. Rb1 Rhh8 46. Kf2 d3 47. bxc4 Qxc4
48. cxd3 Qc5+ 49. Kg2 Rhc8 50. Kf1 Qc3 51. Ke2 Qxd2+ 52. Kxd2 Rc5 53. Rb2 Rac8
54. Bd1 Rd8 55. Bb3 Rd4 56. Bc2 b4 57. a4 Rc3 58. Rb3 Rxb3 59. Bxb3 Rd6 60. Bc4
Rf6 61. Ke2 f3+ 62. Kf2 Rf4 63. Be6 Kf6 64. Bb3 Rxg4 65. Kxf3 Rh4 66. Ke3 Rxh5
67. Ke2 g4 68. Bd1 Kg5 69. Ke3 Rh3+ 70. Ke2 Kf4 0-1

[Event "HEM 2015 B Turnier"]
[Site "Frankfurt-Sossenheim"]
[Date "2015.??.??"]
[Round "2.10"]
[White "Loehr, Holger"]
[Black "Hafensteiner, Tim"]
[Result "0-1"]
[WhiteElo "1837"]
[BlackElo "1689"]
[PlyCount "54"]
[EventDate "2015.??.??"]
[WhiteTeam "SF Braunfels"]
[BlackTeam "Biebertaler SF"]

1. e4 e5 2. Nf3 Nc6 3. Bb5 f5 4. d3 Nf6 5. O-O fxe4 6. dxe4 Bc5 7. Qe2 d6 8. h3
O-O 9. Bc4+ Kh8 10. Nc3 Qe8 11. Be3 Bb4 12. Bd2 Qh5 13. Kh2 Bg4 14. Qd1 Bxc3
15. bxc3 Nxe4 16. Be2 Nxd2 17. Qxd2 e4 18. Ng1 Bxe2 19. Nxe2 Ne5 20. Ng3 Qh4
21. Qd5 Rxf2 22. Rxf2 Ng4+ 23. Kg1 Nxf2 24. Nf5 Qg5 25. Qxb7 Rf8 26. Nd4 Nxh3+
27. Kh2 Nf2 0-1

[Event "HEM 2015 B Turnier"]
[Site "Frankfurt-Sossenheim"]
[Date "2015.??.??"]
[Round "2.11"]
[White "Deppe, Leo"]
[Black "Diehl, Stefan"]
[Result "1/2-1/2"]
[WhiteElo "1694"]
[BlackElo "1815"]
[PlyCount "89"]
[EventDate "2015.??.??"]
[WhiteTeam "SC Bad Soden"]
[BlackTeam "SC Höchst"]

1. d4 Nf6 2. c4 g6 3. Nc3 Bg7 4. Bg5 O-O 5. e3 d6 6. Bd3 c6 7. Nge2 Nbd7 8. Qc2
e5 9. O-O Qc7 10. f4 exd4 11. exd4 Ne8 12. Be7 f5 13. Bxf8 Nxf8 14. d5 Nf6 15.
h3 cxd5 16. Nxd5 Nxd5 17. cxd5 Qxc2 18. Bxc2 Bxb2 19. Rad1 Bd7 20. Rb1 Re8 21.
Bd3 Ba3 22. Rxb7 Bc5+ 23. Kh2 Bb6 24. Nc3 Bc8 25. Rb8 Nd7 26. Bb5 Nxb8 27. Bxe8
Na6 28. Na4 Be3 29. a3 Nc5 30. Nxc5 Bxc5 31. a4 Ba6 32. Rc1 Kf8 33. Re1 Bd3 34.
Bc6 Be4 35. g4 Kf7 36. gxf5 gxf5 37. Kg3 Kg7 38. Rc1 Bb4 39. Ba8 Bc5 40. Rc3
Kg6 41. Bb7 Kf6 42. Bc6 Kg6 43. Rb3 Bb6 44. Kh2 Kf6 45. Kg3 1/2-1/2

[Event "HEM 2015 B Turnier"]
[Site "Frankfurt-Sossenheim"]
[Date "2015.??.??"]
[Round "2.12"]
[White "Schellen, Sven"]
[Black "Fuchs, Andreas"]
[Result "1-0"]
[WhiteElo "1797"]
[BlackElo "1663"]
[PlyCount "103"]
[EventDate "2015.??.??"]
[WhiteTeam "SF Frankfurt"]
[BlackTeam "SC Ober-Ramstadt"]

1. d4 Nf6 2. c4 g6 3. Nc3 Bg7 4. Nf3 d6 5. Bf4 O-O 6. e3 Nbd7 7. Be2 c5 8. O-O
Nh5 9. Bg5 f5 10. Nd5 Nhf6 11. Nf4 Nb6 12. Bxf6 Bxf6 13. d5 g5 14. Nh5 Bxb2 15.
Rb1 Bf6 16. Nxf6+ exf6 17. Qc2 f4 18. exf4 gxf4 19. Bd3 Bg4 20. Bxh7+ Kh8 21.
Qg6 Qd7 22. Nh4 Qxh7 23. Qxg4 Rg8 24. Qxf4 f5 25. h3 Rae8 26. Rfe1 Re4 27. Rxe4
fxe4 28. Re1 Nxc4 29. Rxe4 Ne5 30. Qf6+ Qg7 31. Qxg7+ Rxg7 32. Nf5 Rd7 33. Nxd6
Nd3 34. Ne8 Nb4 35. Rh4+ Rh7 36. Rxh7+ Kxh7 37. d6 Kg8 38. d7 Nc6 39. Nd6 b6
40. Nb7 c4 41. Kf1 Kf7 42. d8=N+ Nxd8 43. Nxd8+ Kf6 44. Ke2 b5 45. Nc6 a6 46.
Ke3 Ke6 47. h4 Kd5 48. Nb4+ Kc5 49. Nxa6+ Kb6 50. Nb4 Kc5 51. a3 c3 52. Kd3 1-0

[Event "HEM 2015 B Turnier"]
[Site "Frankfurt-Sossenheim"]
[Date "2015.??.??"]
[Round "2.13"]
[White "Poetsch, Leonore"]
[Black "Englert, Fred"]
[Result "1/2-1/2"]
[WhiteElo "1657"]
[BlackElo "1795"]
[PlyCount "45"]
[EventDate "2015.??.??"]
[WhiteTeam "SK Langen"]
[BlackTeam "SK Klingenberg"]

1. e3 c6 2. c4 d5 3. d4 g6 4. Nc3 Nf6 5. Bd3 Bg7 6. Nge2 Nbd7 7. O-O O-O 8. e4
dxe4 9. Nxe4 b6 10. Be3 Bb7 11. Qd2 Nxe4 12. Bxe4 Nf6 13. Bf3 Qd7 14. Rfd1 e6
15. Bh6 Rfe8 16. Bxg7 Kxg7 17. Qc3 Rad8 18. Ng3 Qe7 19. b4 Kg8 20. a3 Rd7 21.
Rd3 Red8 22. Rad1 Ne8 23. h3 1/2-1/2

[Event "HEM 2015 B Turnier"]
[Site "Frankfurt-Sossenheim"]
[Date "2015.??.??"]
[Round "2.14"]
[White "Kuersten, Susanne"]
[Black "Mauersberger, Uwe"]
[Result "1/2-1/2"]
[WhiteElo "1786"]
[BlackElo "1486"]
[PlyCount "56"]
[EventDate "2015.??.??"]
[WhiteTeam "SV Lok Engelsdorf"]
[BlackTeam "SC Eschborn"]

1. e4 e6 2. d4 d5 3. exd5 exd5 4. Nf3 Bd6 5. Bd3 Ne7 6. O-O Bg4 7. Nbd2 Nd7 8.
c3 c6 9. Qc2 Qc7 10. Re1 O-O-O 11. c4 dxc4 12. Qxc4 Nd5 13. h3 Bh5 14. Ng5 N7f6
15. Nde4 Be7 16. Ng3 Bg6 17. Bxg6 fxg6 18. Nf7 Bb4 19. Nxd8 Bxe1 20. Ne6 Qe7
21. Nc5 Re8 22. Nd3 Ba5 23. Bg5 h6 24. Bf4 Nxf4 25. Nxf4 g5 26. Nd3 Qd7 27. Rc1
Bb6 28. Nc5 Bxc5 1/2-1/2

[Event "HEM 2015 B Turnier"]
[Site "Frankfurt-Sossenheim"]
[Date "2015.??.??"]
[Round "2.15"]
[White "Scholz, Michael"]
[Black "Weber, Simon"]
[Result "0-1"]
[WhiteElo "1862"]
[BlackElo "1407"]
[PlyCount "66"]
[EventDate "2015.??.??"]
[WhiteTeam "SK Mömbris"]
[BlackTeam "SC Langenbieber"]

1. b4 e5 2. Bb2 Bxb4 3. Bxe5 Nf6 4. Nf3 Nc6 5. c3 Be7 6. d4 O-O 7. Nbd2 d6 8.
Bg3 Bf5 9. Nh4 Qd7 10. Nxf5 Qxf5 11. f3 Qa5 12. Qb3 Nd5 13. Rc1 Bg5 14. Nc4 Qa6
15. e3 Na5 16. Nxa5 Qxa5 17. f4 Bf6 18. Bf2 Rae8 19. Kd2 c6 20. Bd3 Re7 21. g4
g5 22. f5 Rfe8 23. Rce1 b5 24. e4 Nf4 25. Bb1 c5 26. Kc1 cxd4 27. Bxd4 Bxd4 28.
cxd4 Rc8+ 29. Kb2 Qd2+ 30. Bc2 Rec7 31. Rc1 Rc3 32. Rhd1 Rxb3+ 33. axb3 Rxc2+
0-1

[Event "HEM 2015 B Turnier"]
[Site "Frankfurt-Sossenheim"]
[Date "2015.??.??"]
[Round "2.16"]
[White "Kirst, Christian"]
[Black "Rafiee, Kayvan"]
[Result "0-1"]
[WhiteElo "1499"]
[BlackElo "1861"]
[PlyCount "88"]
[EventDate "2015.??.??"]
[WhiteTeam "SV Fechenheim"]
[BlackTeam "Kasseler SK"]

1. e4 c5 2. Nf3 d6 3. d4 cxd4 4. Nxd4 Nf6 5. Nc3 g6 6. Be3 Bg7 7. Bc4 a6 8. f3
b5 9. Bd5 Nxd5 10. Nxd5 Bb7 11. c4 bxc4 12. Qa4+ Nd7 13. Nc6 Bxc6 14. Qxc6 O-O
15. O-O Ne5 16. Qb7 Re8 17. Bb6 Qb8 18. Qc7 e6 19. Nc3 Rc8 20. Qxb8 Raxb8 21.
Na4 Nd3 22. Be3 Nxb2 23. Nxb2 Rxb2 24. Rad1 Rc6 25. Rf2 c3 26. Rc1 c2 27. Rff1
Rxa2 28. Rce1 Rc4 29. Bc1 Bd4+ 30. Kh1 a5 31. f4 Raa4 32. f5 Be5 33. fxe6 fxe6
34. Bh6 Bg7 35. Bxg7 Kxg7 36. Rc1 Ra2 37. g3 Rxe4 38. Rf3 Rb2 39. Kg2 Re2+ 40.
Kh3 Rb1 41. Rff1 Rxc1 42. Rxc1 h5 43. g4 hxg4+ 44. Kxg4 Rxh2 0-1

[Event "HEM 2015 B Turnier"]
[Site "Frankfurt-Sossenheim"]
[Date "2015.??.??"]
[Round "2.17"]
[White "Mattusch, Ralf"]
[Black "Slobodetski, Oleg"]
[Result "1/2-1/2"]
[WhiteElo "1572"]
[BlackElo "1830"]
[PlyCount "35"]
[EventDate "2015.??.??"]
[WhiteTeam "SK Fürth"]
[BlackTeam "SV Großauheim"]

1. d4 d5 2. c4 c6 3. Nc3 Nf6 4. Nf3 e6 5. Bg5 h6 6. Bh4 g5 7. Bg3 dxc4 8. e3 b5
9. a4 b4 10. Nb1 c3 11. bxc3 bxc3 12. Bd3 Bb4 13. O-O Bb7 14. Qc2 Qa5 15. Rc1
Nd5 16. e4 Nf4 17. Bxf4 gxf4 18. Nxc3 1/2-1/2

[Event "HEM 2015 B Turnier"]
[Site "Frankfurt-Sossenheim"]
[Date "2015.??.??"]
[Round "2.18"]
[White "John, Volkmar"]
[Black "Sciurti, Domenico"]
[Result "1/2-1/2"]
[WhiteElo "1770"]
[BlackElo "1583"]
[PlyCount "61"]
[EventDate "2015.??.??"]
[WhiteTeam "SK Herborn"]
[BlackTeam "SV Großauheim"]

1. c4 b6 2. d4 Nf6 3. Nc3 g6 4. e4 d6 5. f3 Bg7 6. Be3 O-O 7. Qd2 c5 8. d5 e5
9. O-O-O a5 10. Bh6 a4 11. g4 a3 12. b3 Na6 13. Bxg7 Kxg7 14. Nge2 Nb4 15. Ng3
Bd7 16. h4 h6 17. Kb1 Nh7 18. Be2 Qe7 19. Rdg1 Qd8 20. f4 exf4 21. Qxf4 Qe7 22.
g5 h5 23. Re1 f6 24. Rhg1 fxg5 25. Qd2 g4 26. Rgf1 Qe5 27. Qe3 Rab8 28. Nd1 Nf6
29. Qc3 Qxc3 30. Nxc3 Rbe8 31. Kc1 1/2-1/2

[Event "HEM 2015 B Turnier"]
[Site "Frankfurt-Sossenheim"]
[Date "2015.??.??"]
[Round "2.19"]
[White "Boehme, Jonas"]
[Black "Willenbring, Jens-Dirk"]
[Result "0-1"]
[WhiteElo "1095"]
[BlackElo "1753"]
[PlyCount "86"]
[EventDate "2015.??.??"]
[WhiteTeam "SG Somplar"]
[BlackTeam "Bad Vilbeler Sfr"]

1. f4 d5 2. g3 Nf6 3. Nf3 e6 4. Bg2 Nbd7 5. O-O Bc5+ 6. d4 Bb6 7. b3 O-O 8. Ba3
Re8 9. Nc3 a6 10. Ne5 Nxe5 11. fxe5 Ng4 12. Qd3 Nxe5 13. Qe3 Ng6 14. Kh1 c6 15.
Qf2 f6 16. e3 e5 17. h4 Bc7 18. h5 Nf8 19. h6 gxh6 20. Qxf6 Qxf6 21. Rxf6 Ng6
22. Kh2 exd4 23. exd4 Bd8 24. Rf2 Bb6 25. Ne2 Bg4 26. Re1 Bxd4 27. Nxd4 Rxe1
28. Bb4 Ree8 29. Bh3 Bxh3 30. Kxh3 Re4 31. c3 Ne7 32. Rf6 Kg7 33. Rd6 Rc8 34.
Rd7 Kf6 35. Rd6+ Kf7 36. Rxh6 c5 37. Rxh7+ Kf6 38. Rh6+ Kg7 39. Re6 cxb4 40.
Rxe7+ Rxe7 41. Nf5+ Kf6 42. Nxe7 Kxe7 43. cxb4 d4 0-1

[Event "HEM 2015 B Turnier"]
[Site "Frankfurt-Sossenheim"]
[Date "2015.??.??"]
[Round "2.20"]
[White "Pyshny, Anton"]
[Black "Engel, Jan"]
[Result "1/2-1/2"]
[WhiteElo "1287"]
[BlackElo "1715"]
[PlyCount "119"]
[EventDate "2015.??.??"]
[WhiteTeam "SC Eschborn"]
[BlackTeam "Frankfurter TV"]

1. e4 c6 2. d4 d5 3. exd5 cxd5 4. Nf3 Nf6 5. Bf4 Bg4 6. h3 Bh5 7. Be2 Nc6 8.
O-O e6 9. c3 Be7 10. Ne5 Bxe2 11. Qxe2 O-O 12. Nd2 Ne8 13. Nxc6 bxc6 14. Qg4 c5
15. Be3 Rc8 16. dxc5 Bxc5 17. Bxc5 Rxc5 18. Nf3 Qc7 19. Qd4 Rc4 20. Qe5 Nd6 21.
Nd2 Rc6 22. f3 Qb6+ 23. Rf2 Qxb2 24. Nb3 Qxc3 25. Qxc3 Rxc3 26. Rc1 Rfc8 27.
Rxc3 Rxc3 28. Rb2 Nc4 29. Re2 Kf8 30. Kf2 a5 31. Nc5 Ke7 32. f4 Kd6 33. Nb3 a4
34. Nd4 Kc5 35. Nf3 d4 36. Ng5 Re3 37. Rxe3 dxe3+ 38. Ke2 Kd4 39. Nxf7 Na3 40.
Ng5 Nb5 41. Nxe6+ Ke4 42. Nc5+ Kxf4 43. Nxa4 Nd4+ 44. Ke1 Kg3 45. Nc3 Kxg2 46.
a4 Nb3 47. Ke2 Kxh3 48. Kxe3 g5 49. Kf2 h5 50. Kg1 g4 51. Ne4 g3 52. Nf6 h4 53.
Ne4 Kg4 54. Nd6 h3 55. Nc4 h2+ 56. Kg2 Nc5 57. Ne3+ Kh4 58. Nf5+ Kg4 59. Nxg3
Nxa4 60. Kxh2 1/2-1/2

[Event "HEM 2015 B Turnier"]
[Site "Frankfurt-Sossenheim"]
[Date "2015.??.??"]
[Round "2.21"]
[White "Kuenitz, Klaus"]
[Black "Krist, Stephan"]
[Result "0-1"]
[WhiteElo "1714"]
[BlackElo "1326"]
[PlyCount "58"]
[EventDate "2015.??.??"]
[WhiteTeam "TSV Schott Mainz"]
[BlackTeam "SVG Lauterbach"]

1. d4 d5 2. Nc3 Nf6 3. Bg5 g6 4. Qd2 Bf5 5. f3 Bg7 6. g4 Be6 7. Nh3 h6 8. Bxf6
Bxf6 9. g5 Bxh3 10. gxf6 Bxf1 11. fxe7 Qxe7 12. Nxd5 Qd6 13. Nxc7+ Qxc7 14.
Rxf1 Nc6 15. O-O-O O-O-O 16. e3 Qb6 17. c3 Rd5 18. e4 Rh5 19. Kb1 Na5 20. Qf4
Nc4 21. Rf2 Rb5 22. Qc1 Re8 23. b3 Re6 24. Ka1 Na5 25. c4 Rxb3 26. c5 Qb4 27.
d5 Ra6 28. Rb2 Rxb2 29. Qxb2 Qxb2+ 0-1

[Event "HEM 2015 B Turnier"]
[Site "Frankfurt-Sossenheim"]
[Date "2015.??.??"]
[Round "2.22"]
[White "Alonzo, Desi"]
[Black "Mueller, Nils"]
[Result "1-0"]
[WhiteElo "1699"]
[BlackElo "1089"]
[PlyCount "89"]
[EventDate "2015.??.??"]
[WhiteTeam "SK Herborn"]
[BlackTeam "SF Friedberg"]

1. Nf3 d5 2. c4 Nf6 3. d4 e6 4. Nc3 b6 5. Bg5 Bb4 6. Qa4+ Nc6 7. Ne5 Bxc3+ 8.
bxc3 Qd6 9. Qxc6+ Qxc6 10. Nxc6 Ne4 11. Bd2 Bd7 12. cxd5 exd5 13. Ne5 Be6 14.
f3 Nxd2 15. Kxd2 O-O 16. g4 f6 17. Nd3 Rac8 18. Nf4 Bf7 19. e4 dxe4 20. fxe4
Rfe8 21. Ba6 Rcd8 22. Rhe1 c5 23. d5 g5 24. Nd3 Rb8 25. a4 Kg7 26. Bb5 Re7 27.
Nb2 h5 28. h3 hxg4 29. hxg4 Rh8 30. Re2 Rh4 31. Rg1 f5 32. d6 Rxe4 33. d7 Rxe2+
34. Kxe2 Rh8 35. gxf5 Kf6 36. Nc4 Bxc4+ 37. Bxc4 Kxf5 38. Rf1+ Kg6 39. Rd1 Rd8
40. Rd6+ Kh5 41. Bf7+ Kg4 42. Kf2 Kf4 43. Be8 g4 44. Rc6 g3+ 45. Kg2 1-0

[Event "HEM 2015 B Turnier"]
[Site "Frankfurt-Sossenheim"]
[Date "2015.??.??"]
[Round "2.23"]
[White "Zimmer, Sascha"]
[Black "Praetz, Friedrich"]
[Result "1/2-1/2"]
[WhiteElo "1937"]
[BlackElo "1013"]
[PlyCount "124"]
[EventDate "2015.??.??"]
[WhiteTeam "SC Mackenbach"]
[BlackTeam "SVG Lauterbach"]

1. e4 e6 2. c4 d5 3. cxd5 exd5 4. e5 Nd7 5. d4 Bb4+ 6. Nc3 c5 7. a3 cxd4 8.
Qxd4 Bxc3+ 9. Qxc3 Nb6 10. Nf3 Be6 11. Bb5+ Nd7 12. Be3 Ne7 13. Rc1 Rc8 14.
Bxd7+ Bxd7 15. Qb3 Qa5+ 16. Rc3 Rxc3 17. bxc3 Bb5 18. Nd4 Bc4 19. Qb4 Qc7 20.
f4 O-O 21. Kd2 Rc8 22. Rc1 Nc6 23. Nxc6 bxc6 24. Rb1 a6 25. Qb7 Qd8 26. Rb6 Bb5
27. Bc5 Rc7 28. Qb8 Rc8 29. Bd6 Rxb8 30. Rxb8 Qxb8 31. Bxb8 Kf8 32. f5 Bf1 33.
Bd6+ Ke8 34. g3 Bh3 35. f6 g6 36. Ke3 Bf1 37. a4 Kd7 38. Kd4 Bc4 39. a5 h5 40.
Kc5 Bb5 41. Kd4 Ke6 42. Ke3 Kf5 43. Kf2 Bd3 44. Ke3 Bc4 45. h3 Bf1 46. g4+ Ke6
47. gxh5 gxh5 48. h4 Kf5 49. Kd4 Ke6 50. Kc5 Bb5 51. Bc7 Kd7 52. Kb6 Ke6 53.
Bd6 Kd7 54. Kb7 Ke6 55. Kc7 c5 56. Bxc5 Kxe5 57. Bd4+ Ke6 58. Kd8 Bc4 59. Ke8
Bb5+ 60. Kf8 Be2 61. Kg7 Bd3 62. Bc5 Bg6 1/2-1/2

[Event "HEM 2015 B Turnier"]
[Site "Frankfurt-Sossenheim"]
[Date "2015.??.??"]
[Round "2.24"]
[White "Nesse, David"]
[Black "Wiegand, Helmut"]
[Result "0-1"]
[WhiteElo "1553"]
[BlackElo "1956"]
[PlyCount "52"]
[EventDate "2015.??.??"]
[BlackTeam "Sfr. Wieseck"]

1. e4 e5 2. Nf3 Qe7 3. Bc4 h6 4. Nc3 c6 5. d3 Nf6 6. Be3 d6 7. Qd2 b5 8. Bb3 a5
9. a4 b4 10. Ne2 d5 11. Ng3 d4 12. Nxd4 exd4 13. Bxd4 c5 14. Be3 Nc6 15. O-O g6
16. f4 Ng4 17. f5 g5 18. h3 Nxe3 19. Qxe3 Qe5 20. Bd5 Bb7 21. b3 O-O-O 22. Bxf7
Nd4 23. Rac1 Bd6 24. Nh5 Rhf8 25. Bc4 Nxf5 26. Qe1 Nd4 0-1

[Event "HEM 2015 B Turnier"]
[Site "Frankfurt-Sossenheim"]
[Date "2015.??.??"]
[Round "2.25"]
[White "Bennewitz, Ralph"]
[Black "Boerkey, Luis"]
[Result "0-1"]
[WhiteElo "1924"]
[BlackElo "1531"]
[PlyCount "94"]
[EventDate "2015.??.??"]
[WhiteTeam "SC Sulzbach"]
[BlackTeam "Wiesbadener SV"]

1. b3 d5 2. Bb2 Nc6 3. e3 e5 4. Bb5 Bd6 5. f4 f6 6. fxe5 fxe5 7. Nf3 Qe7 8.
Bxc6+ bxc6 9. Nxe5 Bxe5 10. Qh5+ Kd8 11. Qxe5 Qxe5 12. Bxe5 Nf6 13. Bxf6+ gxf6
14. O-O Ke7 15. Nc3 Rg8 16. Ne2 Rg5 17. Rf2 Bg4 18. Nf4 Rag8 19. Raf1 R8g7 20.
d3 Re5 21. h3 Bd7 22. Re2 Rg8 23. Rfe1 Rg7 24. Kh2 Rg8 25. d4 Re4 26. Nd3 Rh4
27. e4 Rxe4 28. Rxe4+ dxe4 29. Rxe4+ Kf7 30. Rf4 Ke7 31. Nc5 Rg6 32. Nxd7 Kxd7
33. Rf5 Kc8 34. g4 Kb7 35. Kg3 Kb6 36. h4 a6 37. h5 Rg7 38. Rxf6 Rd7 39. c3 Re7
40. Kf3 Re1 41. d5 Rf1+ 42. Ke4 Rxf6 43. dxc6 Rxc6 44. c4 Rc5 45. Kf4 Ra5 46.
a4 h6 47. g5 Rxg5 0-1